000 00425nam a22001817a 4500
003 MPLRDC
005 20220104142351.0
008 210129b ||||| |||| 00| 0 eng d
082 _a857.621 NK v.19 c.2
100 _a倪匡
245 _a贝壳
_c
250 _a再版
260 _a
_b明窗出版社
_c1988
300 _b
490 _a科幻系列. 19
650 _a科幻小说
942 _cBK
_o857.621 NK v.19 c.2
999 _c30277
_d30267